Statistics for Muslim Majority Border Countries

Click here to take the quiz!

General Stats

  • This quiz has been taken 27 times
  • The average score is 24 of 29

Answer Stats

Muslim Border CountriesAnswer% Correct
Bangladesh, PakistanIndia
96%
Bosnia and HerzegovinaSerbia
96%
Kazakhstan, Kyrgyzstan, Tajikistan, Afghanistan, PakistanChina
92%
Turkey, AzerbaijanGeorgia
92%
Lebanon, Syria, Egypt, JordanIsrael
92%
Turkey, Azerbaijan, IranArmenia
88%
Niger, Burkina FasoBenin
88%
TurkeyBulgaria
88%
Albania, TurkeyGreece
88%
Albania, KosovoMontenegro
88%
Bosnia and HerzegovinaCroatia
84%
Sierra Leone, GuineaLiberia
84%
Niger, ChadNigeria
84%
Albania, KosovoNorth Macedonia
84%
IndonesiaPapua New Guinea
84%
Azerbaijan, KazakhstanRussia
84%
ChadCameroon
80%
Chad, SudanCentral African Republic
80%
Burkina Faso, Mali, GuineaCôte d'Ivoire
80%
Sudan, DjiboutiEritrea
80%
SomaliaKenya
80%
BangladeshMyanmar
80%
Burkina FasoTogo
80%
IndonesiaEast Timor
76%
Burkina FasoGhana
76%
Guinea, SenegalGuinea-Bissau
76%
SudanSouth Sudan
76%
MalaysiaThailand
76%
MoroccoSpain
72%

Score Distribution

Percentile by Number Answered

Percent of People with Each Score

Your Score History

You have not taken this quiz